Math questions - Statistics

General Stats
  • This quiz has been taken 29 times
  • The average score is 9 of 10
Answer Stats
Answer % Correct
5*4*2-3 37
100%
2^3 8
100%
4*4 16
96%
2*(1+2+3+4)-2 18
96%
Smallest prime number 2
96%
2*2*2*2*2*3 96
92%
31*12 372
84%
H.C.F of 10 and 15 5
80%
Smallest three digit prime number 101
76%
123-89 34
76%
No matching quizzes found
Score Distribution
Percent of People with Each Score
Percentile by Number Answered
Your Score History
You have not taken this quiz